Budoucnost je hybridní: kombinace výzkumu a analýzy AI při testování kreativity s cílem maximalizovat její efektivitu

V aktuálnom ekonomickom prostredí sa marketéri ocitajú v náročnej situácii, kedy aktívne hľadajú cesty k dosiahnutiu svojich ambicióznych cieľov a zároveň čelia tlakom na svoje rozpočty. Svet komunikácie značiek sa v posledných rokoch dramaticky rozšíril a marketéri realizujú kampane s väčším množs...

Descrizione completa

Salvato in:
Dettagli Bibliografici
Autore principale: Šídlová, Věra
Natura: Capitolo di libro
Lingua:ceco
Soggetti:
Tags: Aggiungi Tag
Nessun Tag, puoi essere il primo ad aggiungerne!!

MARC

LEADER 00000naa a2200000 4500
001 0300133
005 20240424122800.5
041 0 |a cze 
044 |a CZ 
245 1 0 |a Budoucnost je hybridní: kombinace výzkumu a analýzy AI při testování kreativity s cílem maximalizovat její efektivitu  |c Věra Šídlová 
520 |a V aktuálnom ekonomickom prostredí sa marketéri ocitajú v náročnej situácii, kedy aktívne hľadajú cesty k dosiahnutiu svojich ambicióznych cieľov a zároveň čelia tlakom na svoje rozpočty. Svet komunikácie značiek sa v posledných rokoch dramaticky rozšíril a marketéri realizujú kampane s väčším množstvom kreatívnych prostriedkov než kedykoľvek predtým. 
610 2 0 |a marketing 
610 2 0 |a kreativita 
610 2 0 |a efektívnosť 
610 2 0 |a inteligencia umelá 
610 2 0 |a reklama 
100 1 |a Šídlová, Věra